000 01080cam a2200217 4500
001 WB3917-08
008 030508n2003 000 0 eng u
035 _a(Sirsi) u122224
245 _aCutting the clean-up time for contaminated land
260 _c2003
490 _aRICS Environment Faculty News
_v 8 May 2003 (1)
520 _aUniversity of Greenwich scientists in collaboration with Lafarge Cement, Forkers and BOC Gases have developed a remediation method that takes just minutes to treat contaminated land, soils and waste. The process is called Accelerated Carbonation Technology (ACT). Many conventional remediation methods take days or weeks to work. http://www.rics.org/ricscms/bin/show?class=News&template=/includes/shownews.html&id=5687&faculty=Environment&faculty=All Faculties
590 _aWB
650 _aCONTAMINATED LAND
650 _aREMEDIATION METHODS
650 _aACCELERATED CARBONATION TECHNOLOGY
650 _aCARBON DIOXIDE
650 _aBUILT ENVIRONMENT-BUILDING MATERIALS
690 _aENVIRONMENTAL AND LAND CONSULTANCY
942 _n0
999 _c72642
_d72642